000
00245nam a2200097Ia 4500
008
191206s9999 xx 000 0 und d
020
_a
9.78408E+11
090
_a
HF5635.D798
245
0
_a
Management and cost accounting 8th edition
260
_c
c2012
999
_c
16407
_d
16407